NCAA College Basketball Teams - One Minute Sprint - Statistics

General Stats
  • This quiz has been taken 7,197 times
  • The average score is 29 of 353
Answer Stats
Conference School % Correct
ACC Duke
61%
ACC North Carolina
56%
Pac 12 UCLA
51%
Pac 12 USC
50%
SEC Florida
49%
Big Ten Michigan
48%
Mid-American Ohio
47%
Big 12 Texas
47%
Big Ten Ohio State
42%
SEC Alabama
39%
Pac 12 California
39%
Big Ten Iowa
39%
ACC Clemson
38%
Big 12 Kansas
38%
Big Ten Michigan State
38%
Big Ten Indiana
36%
ACC Miami
35%
Mid-American Miami of Ohio
35%
Pac 12 Oregon
35%
ACC Florida State
34%
Ivy League Pennsylvania
33%
SEC Georgia
31%
Big Ten Illinois
31%
Big 12 Iowa State
31%
ACC NC State
30%
SEC Kentucky
29%
ACC Virginia
29%
Pac 12 Washington
29%
Pac 12 Arizona
28%
American Athletic Connecticut
27%
Big Ten Penn State
27%
Big 12 Texas Tech
27%
Big 12 Oklahoma
26%
Pac 12 Oregon State
26%
Big 12 Kansas State
25%
SEC LSU
24%
SEC Arkansas
22%
SEC Auburn
22%
Big Ten Purdue
22%
Pac 12 Utah
22%
Pac 12 Arizona State
21%
ACC Wake Forest
21%
Big Ten Wisconsin
21%
Big Ten Minnesota
20%
Pac 12 Stanford
20%
SEC Texas A&M
20%
Big 12 Baylor
19%
Ivy League Harvard
19%
Big 12 TCU
19%
ACC Boston College
18%
Big Ten Maryland
18%
Big 12 Oklahoma State
18%
ACC Syracuse
18%
ACC Virginia Tech
18%
Pac 12 Washington State
18%
West Coast BYU
17%
Big Sky Idaho
17%
Missouri Valley Indiana State
17%
Big East Villanova
17%
Ivy League Yale
17%
Pac 12 Colorado
16%
ACC Georgia Tech
16%
West Coast Gonzaga
16%
SEC Mississippi
16%
Big Sky Montana
16%
Big Ten Nebraska
16%
ACC Notre Dame
16%
Sun Belt Texas State
16%
Mountain West Utah State
16%
Missouri Valley Loyola Chicago
15%
Patriot League Loyola Maryland
15%
West Coast Loyola Marymount
15%
SEC South Carolina
15%
American Athletic Central Florida
14%
Missouri Valley Illinois State
14%
ACC Louisville
14%
ACC Pittsburgh
14%
SEC Tennessee
14%
Big West Hawaii
13%
Atlantic 10 Massachusetts
13%
Mountain West Boise State
12%
Big East Butler
12%
Big Sky Idaho State
12%
SEC Missouri
12%
Big Sky Montana State
12%
American Athletic South Florida
12%
Sun Belt Arkansas State
11%
Big East Creighton
11%
American Athletic Houston
11%
Mountain West UNLV
11%
Mountain West Nevada
10%
Ivy League Princeton
10%
Big Ten Rutgers
10%
Southland Stephen F. Austin
10%
Conference USA UTEP
10%
Ohio Valley Austin Peay
9%
Ivy League Brown
9%
Conference USA Florida Intl.
9%
Big East Marquette
9%
Big Ten Northwestern
9%
American Athletic SMU
9%
Big East St. John's
9%
Conference USA UAB
9%
Big East Xavier
9%
Mountain West Colorado State
8%
Big East Georgetown
8%
Mid-American Kent State
8%
America East Maine
8%
SEC Mississippi State
8%
West Coast San Diego
8%
Summit South Dakota State
8%
American Athletic Tulane
8%
American Athletic Tulsa
8%
Conference USA UTSA
8%
Atlantic 10 VCU
8%
Patriot League Army
7%
Ivy League Cornell
7%
Big East DePaul
7%
Missouri Valley Drake
7%
Sun Belt Georgia State
7%
Western Athletic MO - Kansas City
7%
Patriot League Navy
7%
Summit North Dakota
7%
SEC Vanderbilt
7%
Mountain West Air Force
6%
Mid-American Akron
6%
Southwestern Alabama State
6%
Patriot League Boston University
6%
American Athletic Cincinnati
6%
Ivy League Columbia
6%
Ivy League Dartmouth
6%
Summit Denver
6%
American Athletic Memphis
6%
Summit North Dakota State
6%
Big East Providence
6%
Conference USA Rice
6%
Mid-American Toledo
6%
Big 12 West Virginia
6%
Atlantic 10 Dayton
5%
Colonial Athletic Delaware
5%
Mountain West New Mexico
5%
Big East Seton Hall
5%
Summit South Dakota
5%
American Athletic Temple
5%
America East Vermont
5%
Mountain West Wyoming
5%
Southwestern Alabama A&M
4%
Mid-American Buffalo
4%
Mountain West Fresno State
4%
Metro Atlantic Iona
4%
Missouri Valley Missouri State
4%
Conference USA North Texas
4%
West Coast Portland
4%
Mountain West San Diego State
4%
Mid-Eastern SC State
4%
Southwestern Southern
4%
Big West UC Irvine
4%
Big West UCSB
4%
America East Albany
3%
Mid-American Ball State
3%
Patriot League Colgate
3%
Atlantic 10 Davidson
3%
Horizon League Detroit
3%
Mid-American Eastern Michigan
3%
Mid-Eastern Florida A&M
3%
Conference USA Florida Atlantic
3%
Southern Furman
3%
Summit IUPUI
3%
Horizon League Oakland
3%
Big Sky Portland State
3%
Atlantic 10 Rhode Island
3%
Atlantic 10 Richmond
3%
Mountain West San Jose State
3%
Western Athletic Seattle U
3%
West Coast St. Mary's
3%
Southwestern Texas Southern
3%
Big West UC Davis
3%
America East UMBC
3%
Southern Virginia Military
3%
Mid-American Western Michigan
3%
Southern Wofford
3%
Patriot League American
2%
Mid-American Bowling Green
2%
Big West Cal Poly
2%
Northeast Central Conn. St.
2%
Mid-American Central Michigan
2%
Conference USA Charlotte
2%
Horizon League Cleveland State
2%
Big West CSU - Fullerton
2%
Mid-Eastern Delaware State
2%
Colonial Athletic Drexel
2%
Atlantic 10 Duquesne
2%
Colonial Athletic Elon
2%
Big Sky E. Washington
2%
Atlantic 10 George Mason
2%
Atlantic 10 George Washington
2%
Sun Belt Georgia Southern
2%
Atlantic Sun Jacksonville
2%
Colonial Athletic James Madison
2%
Atlantic Sun Liberty
2%
Northeast Long Island
2%
Conference USA Louisiana Tech
2%
Conference USA Marshall
2%
Ohio Valley Murray State
2%
Summit Nebraska-Omaha
2%
America East New Hampshire
2%
Western Athletic New Mexico State
2%
Atlantic Sun NJIT
2%
Big Sky Northern Arizona
2%
Big Sky Northern Colorado
2%
Missouri Valley Northern Iowa
2%
Atlantic Sun North Florida
2%
Summit Oral Roberts
2%
Southern Samford
2%
West Coast San Francisco
2%
West Coast Santa Clara
2%
Sun Belt South Alabama
2%
Big Sky Southern Utah
2%
Atlantic Sun Stetson
2%
Atlantic 10 St. Louis
2%
Metro Atlantic St. Peter's
2%
Sun Belt Troy
2%
Big Sky Weber State
2%
Conference USA Western Kentucky
2%
Missouri Valley Wichita State
2%
Horizon League WI - Green Bay
2%
Horizon League WI - Milwaukee
2%
Southwestern Alcorn State
1%
Sun Belt Appalachian State
1%
Sun Belt AR - Little Rock
1%
Ohio Valley Belmont
1%
America East Binghamton
1%
Missouri Valley Bradley
1%
Northeast Bryant
1%
Patriot League Bucknell
1%
Western Athletic California Baptist
1%
Big South Campbell
1%
Metro Atlantic Canisius
1%
Southland Central Arkansas
1%
Colonial Athletic Charleston
1%
Southern Chattanooga
1%
Western Athletic Chicago State
1%
Southern Citadel
1%
Big South Coastal Carolina
1%
Mid-Eastern Coppin State
1%
Big West CSU - Northridge
1%
American Athletic East Carolina
1%
Ohio Valley Eastern Illinois
1%
Missouri Valley Evansville
1%
Metro Atlantic Fairfield
1%
Atlantic Sun Florida Gulf Coast
1%
Atlantic 10 Fordham
1%
Southwestern Grambling State
1%
Western Athletic Grand Canyon
1%
Big South Hampton
1%
America East Hartford
1%
Big South High Point
1%
Colonial Athletic Hofstra
1%
Patriot League Holy Cross
1%
Mid-Eastern Howard
1%
Horizon League Illinois Chicago
1%
Southwestern Jackson State
1%
Ohio Valley Jacksonville State
1%
Atlantic Sun Kennesaw State
1%
Patriot League Lafayette
1%
Sun Belt LA - Lafayette
1%
Southland Lamar
1%
Sun Belt LA - Monroe
1%
Atlantic 10 La Salle
1%
Patriot League Lehigh
1%
Atlantic Sun Lipscomb
1%
Big South Longwood
1%
Metro Atlantic Marist
1%
America East Mass-Lowell
1%
Southland McNeese State
1%
Mid-Eastern MD - Eastern Shore
1%
Southern Mercer
1%
Northeast Merrimack
1%
Metro Atlantic Monmouth
1%
Ohio Valley Morehead State
1%
Big South NC - Asheville
1%
Mid-Eastern NC A&T
1%
Mid-Eastern NC Central
1%
Southern NC Greensboro
1%
Colonial Athletic NC Wilmington
1%
Southland New Orleans
1%
Metro Atlantic Niagara
1%
Colonial Athletic Northeastern
1%
Mid-American Northern Illinois
1%
Horizon League Northern Kentucky
1%
Conference USA Old Dominion
1%
West Coast Pacific
1%
West Coast Pepperdine
1%
Summit Purdue Fort Wayne
1%
Big South Radford
1%
Metro Atlantic Rider
1%
Northeast Robert Morris
1%
Big Sky Sacramento State
1%
Southland Sam Houston State
1%
Big South SC Upstate
1%
Metro Atlantic Siena
1%
Missouri Valley Southern Illinois
1%
Conference USA Southern Miss
1%
Atlantic 10 St. Bonaventure
1%
Northeast St. Francis (NY)
1%
Northeast St. Francis (PA)
1%
Atlantic 10 St. Joseph's
1%
America East Stony Brook
1%
Southland TAMU Corpus Christi
1%
Ohio Valley Tennessee Martin
1%
Ohio Valley Tennessee State
1%
Ohio Valley Tennessee Tech
1%
Colonial Athletic Towson
1%
Western Athletic TX - Rio Grande Valley
1%
Big West UC Riverside
1%
Western Athletic Utah Valley
1%
Horizon League Valparaiso
1%
Northeast Wagner
1%
Summit Western Illinois
1%
Colonial Athletic William & Mary
1%
Big South Winthrop
1%
Horizon League Wright State
1%
Horizon League Youngstown State
1%
Southland Abilene Christian
0%
Southwestern Arkansas Pine Bluff
0%
Mid-Eastern Bethune-Cookman
0%
Big South Charleston Southern
0%
Western Athletic CSU Bakersfield
0%
Ohio Valley Eastern Kentucky
0%
Southern E. Tennessee State
0%
Northeast Fairleigh Dickinson
0%
Big South Gardner-Webb
0%
Southland Houston Baptist
0%
Southland Incarnate Word
0%
Big West Long Beach State
0%
Metro Atlantic Manhattan
0%
Conference USA Middle Tenn. State
0%
Southwestern Miss. Valley State
0%
Mid-Eastern Morgan State
0%
Northeast Mount St. Mary's
0%
Southland Nicholls State
0%
Mid-Eastern Norfolk State
0%
Atlantic Sun North Alabama
0%
Southland Northwestern State
0%
Southwestern Prairie View A&M
0%
Big South Presbyterian
0%
Metro Atlantic Quinnipiac
0%
Northeast Sacred Heart
0%
Southland SE Louisiana
0%
Ohio Valley SE Missouri State
0%
Ohio Valley SIU - Edwardsville
0%
Sun Belt Texas Arlington
0%
Southern Western Carolina
0%
No matching quizzes found
Score Distribution
Percent of People with Each Score
Percentile by Number Answered
Your Score History
You have not taken this quiz